[Event "Asti op 4th"]
[Site "Asti"]
[Date "2009.04.19"]
[Round "6"]
[White "Quirico, Paolo"]
[Black "Ronzano, Luca"]
[Result "1-0"]
[WhiteElo "2096"]
[BlackElo "1998"]
[PlyCount "75"]
[EventDate "2009.04.16"]
[EventType "swiss"]
[EventRounds "6"]
[EventCountry "ITA"]
[SourceTitle "CBM 130 Extra"]
[Source "ChessBase"]
[SourceDate "2009.07.02"]
[SourceVersion "2"]
[SourceVersionDate "2009.07.15"]
[SourceQuality "1"]

1. d4 d5 2. Bf4 Bg4 3. f3 Bf5 4. e3 e6 5. c4 Bb4+ 6. Nc3 Nc6 7. Bd3 Bxd3 8. Qxd3 dxc4 9. Qxc4 Nge7 10. a3 Bxc3+ 11. bxc3 Nd5 12. Nh3 0-0 13. e4 Nxf4 14. Nxf4 e5 15. Nd5 Rc8 16. 0-0 Kh8 17. Rfd1 Qg5 18. Rab1 f5 19. dxe5 Nxe5 20. Qe2 fxe4 21. f4 Qg4 22. Qxg4 Nxg4 23. h3 Nh6 24. Rxb7 Rf7 25. Rxa7 c6 26. Rxf7 Nxf7 27. Ne3 Ra8 28. Nc4 g5 29. fxg5 Nxg5 30. h4 Nf7 31. Re1 Re8 32. a4 c5 33. a5 Re6 34. Kf2 Kg7 35. Rb1 Nd8 36. Rb6 Re7 37. a6 Kg8 38. Nd6 1-0

[Event "Asti op 4th"]
[Site "Asti"]
[Date "2009.04.17"]
[Round "2"]
[White "Sorcinelli, Francesco"]
[Black "Ronzano, Luca"]
[Result "1-0"]
[WhiteElo "2116"]
[BlackElo "1998"]
[PlyCount "73"]
[EventDate "2009.04.16"]
[EventType "swiss"]
[EventRounds "6"]
[EventCountry "ITA"]
[SourceTitle "CBM 130 Extra"]
[Source "ChessBase"]
[SourceDate "2009.07.02"]
[SourceVersion "2"]
[SourceVersionDate "2009.07.15"]
[SourceQuality "1"]

1. e4 Nf6 2. e5 Ng8 3. d4 d5 4. Bd3 c5 5. c3 Nc6 6. Ne2 Bg4 7. 0-0 cxd4 8. cxd4 Qb6 9. Nbc3 Bxe2 10. Nxe2 e6 11. Kh1 g6 12. a3 Nge7 13. b4 Nf5 14. Be3 h5 15. Rc1 Bh6 16. Bxf5 gxf5 17. Bxh6 Rxh6 18. Rc5 Kd7 19. Qd2 Rhh8 20. Rfc1 Rac8 21. Qg5 Qd8 22. Qe3 Qh4 23. Nf4 Rhg8 24. g3 Qg4 25. Qc3 a6 26. a4 Rgd8 27. h4 Ke8 28. Kg2 Kf8 29. f3 Qg8 30. Nxh5 Qg6 31. Nf6 f4 32. g4 Kg7 33. b5 axb5 34. axb5 Ne7 35. Rxc8 Rxc8 36. Qxc8 Nxc8 37. Rxc8 1-0

[Event "Asti Alfieri Memorial 2nd"]
[Site "Asti"]
[Date "2007.03.24"]
[Round "4"]
[White "Ronzano, Luca"]
[Black "Monticone, Sonia"]
[Result "1-0"]
[WhiteElo "1996"]
[BlackElo "1667"]
[PlyCount "93"]
[EventDate "2007.03.22"]
[EventType "swiss"]
[EventRounds "6"]
[EventCountry "ITA"]
[SourceTitle "EXT 2010"]
[Source "ChessBase"]
[SourceDate "2010.11.25"]
[SourceVersion "1"]
[SourceVersionDate "2010.11.25"]
[SourceQuality "1"]

1. d4 Nf6 2. Nc3 g6 3. e4 d6 4. f4 Bg7 5. Nf3 0-0 6. e5 dxe5 7. fxe5 Nd5 8. Bc4 e6 9. Ne4 h6 10. 0-0 Nd7 11. Bd2 b6 12. Bxd5 exd5 13. Ng3 c5 14. c3 Nb8 15. Be3 c4 16. Qd2 Kh7 17. Rf2 Nc6 18. Raf1 Ne7 19. Nh4 Be6 20. Qc2 Kg8 21. h3 b5 22. Qd2 Kh7 23. Ne2 Nf5 24. Nxf5 Bxf5 25. g4 Be6 26. Nf4 Qe7 27. Qc2 Rae8 28. Nh5 Qh4 29. Rf3 Kh8 30. Nxg7 Kxg7 31. Bf2 Qe7 32. Rf6 Qd7 33. Qe2 a6 34. Qf3 g5 35. Kh2 a5 36. Be3 b4 37. Kg3 bxc3 38. bxc3 a4 39. Rh1 Rh8 40. h4 Reg8 41. Qe2 Kf8 42. Bc1 Ke8 43. h5 Kd8 44. Ba3 Rg7 45. Rb1 Kc7 46. Bd6+ Kc6 47. Qb2 1-0

[Event "Asti Alfieri Memorial 2nd"]
[Site "Asti"]
[Date "2007.03.23"]
[Round "2"]
[White "Ronzano, Luca"]
[Black "Castellano, Alfonso"]
[Result "1/2-1/2"]
[WhiteElo "1996"]
[BlackElo "1949"]
[PlyCount "36"]
[EventDate "2007.03.22"]
[EventType "swiss"]
[EventRounds "6"]
[EventCountry "ITA"]
[SourceTitle "EXT 2010"]
[Source "ChessBase"]
[SourceDate "2010.11.25"]
[SourceVersion "1"]
[SourceVersionDate "2010.11.25"]
[SourceQuality "1"]

1. d4 Nf6 2. Nc3 g6 3. e4 d6 4. f4 Bg7 5. Nf3 0-0 6. e5 dxe5 7. fxe5 Nd5 8. Bc4 Be6 9. Qe2 Nxc3 10. bxc3 Bd5 11. 0-0 Nc6 12. Ba3 Re8 13. Ng5 Rf8 14. Nxf7 Rxf7 15. Rxf7 Kxf7 16. Qf3+ Ke6 17. Qg4+ Kf7 18. Qf3+ Ke6 1/2-1/2